20 zufällige Charaktere nach Bildern - Demon Slayer - Statistiken

Allgemein
  • Dieses Quiz wurde 124 mal gespielt
  • Das Durchschnittsergebnis liegt bei 10 aus 20
Antwortstatistiken
Bildquiz Antwort % Korrekt
Tengen Uzui
97%
Tanjiro Kamado
95%
Akaza
90%
Nezuko Kamado
90%
Muzan Kibutsuji
89%
Giyu Tomioka
86%
Kyojuro Rengoku
84%
Doma
82%
Mitsuri Kanroji
81%
Inosuke Hashibira
76%
Zenitsu Agatsuma
75%
Gyomei Himejima
74%
Shinobu Kocho
73%
Muichiro Tokito
67%
Rui
67%
Obanai Iguro
63%
Sanemi Shinazugawa
62%
Yoriichi Tsugikuni
61%
Sabito
55%
Tamayo
54%
Daki
53%
Genya Shinazugawa
53%
Enmu
50%
Kokushibo
50%
Gyutaro
48%
Kanao Tsuyuri
43%
Kagaya Ubuyashiki
39%
Tanjuro Kamado
33%
Hantengu
32%
Kanae Kocho
32%
Hinatsuru
31%
Gyokko
27%
Hotaru Haganezuka
27%
Sakonji Urokodaki
26%
Kotetsu
24%
Makomo
24%
Amane Ubuyashiki
22%
Yushiro
20%
Kie Kamado
19%
Makio
19%
Senjuro Rengoku
18%
Suma
17%
Kyogai
13%
Chachamaru
11%
Shinjuro Rengoku
10%
Susamaru
8%
Yahaba
8%
Takeo Kamado
4%
Keine übereinstimmenden Quizze gefunden
Verteilung der Resultate
Anzahl Personen mit jedem Resultat
Perzentil nach korrekt beantworteten Fragen
Ihre Resultats-Entwicklung
Sie haben dieses Quiz noch nicht gespielt